000 01073nam a2200229Ia 4500
999 _c41334
_d41334
001 7992
003 GE_BSU
005 20240216152802.0
008 181216s2013ge xx |||||||||||||| ||geo||
020 _a9789941924408
040 _cGE_BSU
041 _ageo
080 _a005.96(075.8) მ-74
100 _aმიქელაძე, ედუარდ
_914991
245 _aთანამედროვე მენეჯმენტის სტრატეგია და ტექნოლოგია /
_cედუარდ მიქელაძე, სამეცნ. რედ. ბადრი გეჩბაია
264 _aბათუმი :
_bლაზარე +,
_c2013.
300 _a20 სმ.:
_c148 გვ.
653 _aთანამედროვე მენეჯმენტის სტრატეგია და ტექნოლოგია
653 _aმენეჯმენტი
700 _aგეჩბაია, ბადრი
_eსამეცნიერო რედაქტორი
_914992
942 _cBK
_2udc